[Event "GER-chT U16"]
[Site "Lingen"]
[Date "2013.12.29"]
[Round "6.3"]
[White "Guendisch, Stefan"]
[Black "Walter, Daniel"]
[Result "1/2-1/2"]
[WhiteElo "1301"]
[BlackElo "1271"]
[PlyCount "97"]
[EventDate "2013.12.27"]
[EventType "team-swiss"]
[EventRounds "7"]
[EventCountry "GER"]
[SourceTitle "EXT 2015"]
[Source "ChessBase"]
[SourceDate "2014.11.20"]
[SourceVersion "1"]
[SourceVersionDate "2014.11.20"]
[SourceQuality "1"]
[WhiteTeam "Heilbronn"]
[BlackTeam "Sontheim/Brenz"]
[WhiteTeamCountry "GER"]
[BlackTeamCountry "GER"]

1. e4 Nf6 2. e5 Nd5 3. c4 Nb6 4. d4 d6 5. exd6 exd6 6. Nc3 Nc6 7. b3 g6 8. Nf3 Bg7 9. Be3 0-0 10. Be2 Re8 11. 0-0 Bd7 12. Rc1 Ne7 13. Re1 a6 14. Qd2 Nf5 15. Bd3 Nxe3 16. Rxe3 Bg4 17. Rxe8+ Qxe8 18. Re1 Qd7 19. Qf4 Bxf3 20. gxf3 c5 21. Be4 Bxd4 22. Nd5 Nxd5 23. Bxd5 Be5 24. Qh4 Kg7 25. Kg2 Re8 26. Qe4 f5 27. Qe3 Re7 28. Qd2 b6 29. h4 h5 30. a3 Bf6 31. Rb1 Bxh4 32. b4 Qd8 33. b5 a5 34. a4 Re8 35. Rd1 Qg5+ 36. Qxg5 Bxg5 37. Bc6 Rd8 38. Re1 Rf8 39. Re6 Rd8 40. f4 Bf6 41. Kf3 Bh4 42. Kg2 Bf6 43. Kf3 h4 44. Kg2 g5 45. fxg5 Bxg5 46. Kh3 Bf4 47. Bd5 Rb8 48. Kg2 Be5 49. Kh3 1/2-1/2

[Event "NED-ch U14 op"]
[Site "Borne"]
[Date "2013.08.10"]
[Round "9"]
[White "Garcia, Antonio3"]
[Black "Guendisch, Stefan"]
[Result "1-0"]
[WhiteElo "1282"]
[BlackElo "1293"]
[PlyCount "65"]
[EventDate "2013.08.05"]
[EventType "swiss"]
[EventRounds "9"]
[EventCountry "NED"]
[SourceTitle "EXT 2015"]
[Source "ChessBase"]
[SourceDate "2014.11.20"]
[SourceVersion "1"]
[SourceVersionDate "2014.11.20"]
[SourceQuality "1"]

1. e4 c6 2. d4 d5 3. e5 Bf5 4. Bd3 Bxd3 5. Qxd3 e6 6. Nc3 Nd7 7. Nge2 Ne7 8. Ng3 c5 9. dxc5 Nxc5 10. Qb5+ Nd7 11. Qxb7 Nxe5 12. Nb5 Rc8 13. 0-0 Qb6 14. Qxb6 axb6 15. Nd6+ Kd7 16. Nxc8 Kxc8 17. Re1 N7c6 18. b3 h5 19. h4 Bc5 20. Be3 Bxe3 21. Rxe3 Kd7 22. Ne2 Rh6 23. Rg3 g6 24. c3 Ke7 25. a4 f5 26. Nf4 Kf6 27. Re1 Rh7 28. Rge3 Re7 29. Nd3 Nxd3 30. Rxd3 Ne5 31. Rd2 g5 32. hxg5+ Kxg5 33. Rxe5 1-0

[Event "NED-ch U14 op"]
[Site "Borne"]
[Date "2013.08.05"]
[Round "1"]
[White "Warmerdam, Max"]
[Black "Guendisch, Stefan"]
[Result "1-0"]
[WhiteElo "1951"]
[BlackElo "1293"]
[PlyCount "37"]
[EventDate "2013.08.05"]
[EventType "swiss"]
[EventRounds "9"]
[EventCountry "NED"]
[SourceTitle "EXT 2015"]
[Source "ChessBase"]
[SourceDate "2014.11.20"]
[SourceVersion "1"]
[SourceVersionDate "2014.11.20"]
[SourceQuality "1"]

1. e4 e6 2. d4 d5 3. e5 c5 4. c3 Nc6 5. Nf3 Bd7 6. Bd3 cxd4 7. cxd4 Rc8 8. Nc3 Qb6 9. Bb1 Bb4 10. 0-0 Nge7 11. Na4 Qc7 12. a3 Ba5 13. b4 Bb6 14. Bb2 0-0 15. Nc3 a6 16. Qd3 g6 17. Qd2 Ba7 18. Qh6 Bxd4 19. Ng5 1-0